Baudynamik : praxisgerecht : Band II.Anwendungen und Beispiele.1.Teil:Tiefbau

Guardado en:
Detalles Bibliográficos
Autor principal: Flesch, Rainer (Autor)
Formato: Libro
Lenguaje:alemán
Publicado: Wiesbaden - Berlin : Bauverlag GmbH, 1997
Etiquetas: Agregar Etiqueta
Sin Etiquetas, Sea el primero en etiquetar este registro!

MARC

LEADER 00000nam a22000003a 4500
001 stu93865
005 20150617225614.1
008 050510s1997----gw------------------ger-d
020 |a 3-7625-3072-6 
040 |a STU  |b slo 
041 0 |a ger 
044 |a gw 
080 |a 624.1 
100 1 |a Flesch, Rainer  |4 aut 
245 1 |a Baudynamik : praxisgerecht :  |b Band II.Anwendungen und Beispiele.1.Teil:Tiefbau 
260 |a Wiesbaden - Berlin :  |b Bauverlag GmbH,  |c 1997 
300 |a 326 s.;tab.,schémy 
996 |b 284V017326  |c V*48808/O-21487II.  |l VVT  |s A  |a 24  |w stu93865_0001